00481nam a2200193Ia 4500003000400000005001700004008004100021020002200062040000700084041000800091082002100099100001900120245004000139260005100179300001600230365001300246440000600259650002200265OSt20230616151844.0210423s2015 xx 000 0 und d a978-81-239-2599-8 cAL aeng a547.7 223bKARC aKAR (Ashutosh) aChemistry of natural products Vol 3 aNew DelhibCBS Publishers & Distributorsc2015 axvi,484bPB b575cINR v3 aOrganic Chemistry